Thermal Analysis of Power Transformer; MATEC Web of Conferences; Vol. 23 : Heat and Mass Transfer in the Thermal Control System of Technical and Technological Energy Equipment

Bibliografische gegevens
Parent link:MATEC Web of Conferences
Vol. 23 : Heat and Mass Transfer in the Thermal Control System of Technical and Technological Energy Equipment.— 2015.— [01021, 4 p.]
Hoofdauteur: Kravchenko E. V. Evgeny Vladimirovich
Coauteur: Национальный исследовательский Томский политехнический университет (ТПУ) Энергетический институт (ЭНИН) Кафедра автоматизации теплоэнергетических процессов (АТП)
Andere auteurs: Ivleva D.Yu.
Samenvatting:Title screen
A new approach for predicting the reliability indices based on the numerical analysis of nonuniform temperature fields of power transformer is reported. The failure rates of a power transformer in a real thermal mode of device under natural convection were compared with statistical data. The necessity of unsteady temperature field consideration was shown to enchance the reliability prediction.
Taal:Engels
Gepubliceerd in: 2015
Onderwerpen:
Online toegang:http://dx.doi.org/10.1051/matecconf/20152301021
http://earchive.tpu.ru/handle/11683/15371
Formaat: Elektronisch Hoofdstuk
KOHA link:https://koha.lib.tpu.ru/cgi-bin/koha/opac-detail.pl?biblionumber=645227

MARC

LEADER 00000nla2a2200000 4500
001 645227
005 20240220133733.0
035 |a (RuTPU)RU\TPU\network\10311 
035 |a RU\TPU\network\10308 
090 |a 645227 
100 |a 20151212a2015 k y0engy50 ba 
101 0 |a eng 
105 |a y z 100zy 
135 |a drgn ---uucaa 
181 0 |a i  
182 0 |a b 
200 1 |a Thermal Analysis of Power Transformer  |f E. V. Kravchenko, D.Yu. Ivleva 
203 |a Text  |c electronic 
300 |a Title screen 
320 |a [References: 16 tit.] 
330 |a A new approach for predicting the reliability indices based on the numerical analysis of nonuniform temperature fields of power transformer is reported. The failure rates of a power transformer in a real thermal mode of device under natural convection were compared with statistical data. The necessity of unsteady temperature field consideration was shown to enchance the reliability prediction. 
461 0 |0 (RuTPU)RU\TPU\network\4526  |t MATEC Web of Conferences 
463 0 |0 (RuTPU)RU\TPU\network\9794  |t Vol. 23 : Heat and Mass Transfer in the Thermal Control System of Technical and Technological Energy Equipment  |o April 22-23, 2015, Tomsk, Russia  |f National Research Tomsk Polytechnic University (TPU) ; ed. G. V. Kuznetsov [et al.]  |o [proceedings]  |v [01021, 4 p.]  |d 2015 
610 1 |a электронный ресурс 
610 1 |a труды учёных ТПУ 
610 1 |a термический анализ 
610 1 |a силовые трансформаторы 
610 1 |a температурные поля 
610 1 |a конвекция 
610 1 |a надежность 
700 1 |a Kravchenko  |b E. V.  |c specialist in the field of power engineering  |c Associate Professor of Tomsk Polytechnic University, Candidate of technical sciences  |f 1981-  |g Evgeny Vladimirovich  |3 (RuTPU)RU\TPU\pers\32852  |9 16700 
701 1 |a Ivleva  |b D.Yu. 
712 0 2 |a Национальный исследовательский Томский политехнический университет (ТПУ)  |b Энергетический институт (ЭНИН)  |b Кафедра автоматизации теплоэнергетических процессов (АТП)  |3 (RuTPU)RU\TPU\col\18678 
801 2 |a RU  |b 63413507  |c 20161122  |g RCR 
856 4 |u http://dx.doi.org/10.1051/matecconf/20152301021 
856 4 |u http://earchive.tpu.ru/handle/11683/15371 
942 |c CF